000 00936nam a2200277 i 4500
003 DO-SdBNP
005 20260209133820.0
007 ta
008 260209b2025 dr a|||| |||| 00| 0 spa d
020 _a9789945294477
040 _aDO-SdBNP
_bspa
_cBNPHU
_erda
041 _aspa
082 4 _axxx
_bxxx
_222
100 _aQuezada, Lonni,
_d1986-
_eautor
_4aut.
_978875
245 1 3 _aEl regalo mágico del abuelo /
_cLonni Quezada ; ilustraciones, Donalda Jiménez Almonte
264 1 _aSanto Domingo :
_bQuezada Libro S.R.L.,
_c2025.
300 _a88 páginas :
_bilustraciones ;
_c23 cm.
336 _atexto
_btxt
_2rdacontent
337 _asin mediación
_bn
_2rdamedia
338 _avolumen
_bnc
_2rdacarrier
500 _aIncluye datos biográficos del autor en la solapa de la cubierta
590 _aInventariado, 2026/BT
700 _aJiménez Almonte, Donalda,
_eilustrador
_4il.
_988978
910 _aBtavárez
942 _2ddc
_cLBS1
999 _c60271
_d60271